Postcode Areas of Yorkshire and Humber - Statistics

General Stats
  • This quiz has been taken 41 times
    7 since last reset
  • The average score is 12 of 15
Answer Stats
Postcode Area Postcode Area Name % Correct
DN Doncaster
100%
HX Halifax
100%
HD Huddersfield
100%
S Sheffield
100%
YO York
100%
BD Bradford
83%
HU Hull
83%
LS Leeds
83%
DL Darlington
67%
HG Harrogate
67%
LA Lancaster
67%
LN Lincoln
67%
OL Oldham
67%
WF Wakefield
67%
TS Teeside
50%
No matching quizzes found
Score Distribution
Percent of People with Each Score
Percentile by Number Answered
Your Score History
You have not taken this quiz since the last reset